000 00308nam a22001337a 4500
008 171019b xxu||||| |||| 00| 0 eng d
020 _a9780324007152
041 _aeng
080 _a338
100 _a53
101 _aMEN
245 _aMANAGEMENT SCIENCE & DECISION TECHNOLOGY
_cCAMM,J.D
942 _2udc
_cBK
999 _c34957
_d34957